<?xml version="1.0" encoding="utf-8"?>
<?xml-stylesheet type='text/xsl' href='./oai2.xsl'?>
<OAI-PMH xmlns="http://www.openarchives.org/OAI/2.0/" xmlns:xsi="http://www.w3.org/2001/XMLSchema-instance" xsi:schemaLocation="http://www.openarchives.org/OAI/2.0/ http://www.openarchives.org/OAI/2.0/OAI-PMH.xsd">
  <responseDate>2026-06-05T13:37:45Z</responseDate>
  <request verb="GetRecord" metadataPrefix="marcxml" identifier="record_kuniweb_412635">https://kulturerbe.niedersachsen.de/oai</request>
  <GetRecord>
    <record>
      <header>
        <identifier>record_kuniweb_412635</identifier>
        <datestamp>2026-03-31T19:09:18Z</datestamp>
        <setSpec>slg0184</setSpec>
      </header>
      <metadata>
        <marc:record xmlns:marc="http://www.loc.gov/MARC21/slim" xsi:schemaLocation="http://www.loc.gov/MARC21/slim http://www.loc.gov/standards/marcxml/schema/MARC21slim.xsd">
          <marc:leader>12345nkm  22     uu 4500</marc:leader>
          <marc:controlfield tag="001">412635</marc:controlfield>
          <marc:controlfield tag="003">http://kuniweb.gbv.de</marc:controlfield>
          <marc:controlfield tag="005">2021-09-10T12:48:44</marc:controlfield>
          <marc:controlfield tag="008">|           ||||||||||||||||||||||</marc:controlfield>
          <marc:datafield tag="245" ind1="1" ind2="0">
            <marc:subfield code="a">Bildnis eines Karakal</marc:subfield>
          </marc:datafield>
          <marc:datafield tag="720" ind1=" " ind2=" ">
            <marc:subfield code="a">Johann Heinrich Wilhelm Tischbein</marc:subfield>
          </marc:datafield>
          <marc:datafield tag="655" ind1=" " ind2="7">
            <marc:subfield code="a">Grafik</marc:subfield>
          </marc:datafield>
          <marc:datafield tag="046" ind1=" " ind2=" ">
            <marc:subfield code="k">1800</marc:subfield>
            <marc:subfield code="k">um 1800 (Vermutung)</marc:subfield>
          </marc:datafield>
          <marc:datafield tag="260" ind1=" " ind2=" ">
            <marc:subfield code="g">1800</marc:subfield>
            <marc:subfield code="g">um 1800 (Vermutung)</marc:subfield>
          </marc:datafield>
          <marc:datafield tag="300" ind1=" " ind2=" ">
            <marc:subfield code="a">Breite: 20,9 cm
Höhe: 18,7 cm</marc:subfield>
          </marc:datafield>
          <marc:datafield tag="520" ind1=" " ind2=" ">
            <marc:subfield code="a">Bei dem Aquarell handelt es sich um eine Kopie nach Johann Heinrich Wilhelm Tischbein d. J. (Hinweis von Prof. Dr. Hermann Mildenberger, Weimar, E-Mail vom 17.12.2018). Tischbein hat nach seiner Rückkehr nach Deutschland (1799) viele junge Künstler an seinen eignen Zeichnungen geschult, so etwa die Brüder Riepenhausen in Göttingen, später sogar Overbeck in Norddeutschland. In diesem Kontext sind die Zeichnungen nach J. H. W. Tischbein d. J. aus der Sammlung Carl Schiller zu sehen.Die Zeichnung zeigt die fauchende Gestalt eines Luchses. Der Künstler Tischbein hatte sich sehr intensiv mit den verschiedenen Tiercharakteren auseinandergesetzt und stand in regem Austausch mit verschiedenen Naturwissenschaftlern, wie z. B. dem Göttinger Professor Blumenbach. 
Die Zeichnung lässt sich mit der Radierung Johann Heinrich Wilhelm Tischbeins von zwei Köpfen eines Karakals (Wüstenluchs) von 1796 vergleichen. Ein Exemplar wird im Britischen Museum in London, Inv.-Nr. 1851,0412.64 verwahrt. (Lange 2007, S. 73 f., Kat. Nr. 111; Städtisches Museum Braunschweig)

Aufschrift:
Rückseite o. Mitte: "Fh / Joh. Heinr. Wilhelm Tischbein No 2"

Aufschrift:
links unten: „Wilh Tischbein pinx“. (mit Bleistift)

Beschrieben in:
„"Die Freundschaft ist das Element, in dem ich lebe, die Kunst meine Führerin" : Carl Schiller (1807 - 1874): Forscher, Sammler, Museumsgründer ; [Städtisches Museum Braunschweig 12.2. - 6.9.2007]. Arbeitsberichte, Veröffentlichungen aus dem Städtischen Museum Braunschweig ; 72“. Städt. Museum, Braunschweig, 2007. (S. 73 f., Kat. Nr. 111)

Literatur in Zusammenhang:
„Wahlverwandtschaften : eine englische Privatsammlung zur Kunst der Goethezeit ; [dieses Katalogbuch erscheint zur Ausstellung: "Wahlverwandtschaften. Eine Englische Privatsammlung zur Kunst der Goethezeit" Schiller-Museum, Weimar, 27. August bis 3. November 2013, veranstaltet von der Klassik-Stiftung Weimar]“. Contemporary Ed., London, 2013. (S. 74-75.)</marc:subfield>
          </marc:datafield>
          <marc:datafield tag="650" ind1="1" ind2=" ">
            <marc:subfield code="a">Graphik</marc:subfield>
          </marc:datafield>
          <marc:datafield tag="650" ind1="1" ind2=" ">
            <marc:subfield code="a">Zeichnung</marc:subfield>
          </marc:datafield>
          <marc:datafield tag="650" ind1="1" ind2=" ">
            <marc:subfield code="a">Tiere</marc:subfield>
          </marc:datafield>
          <marc:datafield tag="650" ind1="1" ind2=" ">
            <marc:subfield code="a">Grafik, Fotografie &gt; Zeichnung &gt; Grafitstiftzeichnung</marc:subfield>
          </marc:datafield>
          <marc:datafield tag="650" ind1="1" ind2=" ">
            <marc:subfield code="a">Grafik, Fotografie &gt; Zeichnung &gt; Federzeichnung</marc:subfield>
          </marc:datafield>
          <marc:datafield tag="650" ind1="1" ind2=" ">
            <marc:subfield code="a">Grafik, Fotografie &gt; Zeichnung &gt; Pinselzeichnung</marc:subfield>
          </marc:datafield>
          <marc:datafield tag="650" ind1="1" ind2=" ">
            <marc:subfield code="a">Bildwerke/Bildende Kunst</marc:subfield>
          </marc:datafield>
          <marc:datafield tag="773" ind1="0" ind2=" ">
            <marc:subfield code="t">Sammlung Grafik</marc:subfield>
          </marc:datafield>
          <marc:datafield tag="852" ind1=" " ind2=" ">
            <marc:subfield code="a">Städtisches Museum Braunschweig</marc:subfield>
          </marc:datafield>
          <marc:datafield tag="" ind1=" " ind2=" ">
            <marc:subfield code="a">Namensnennung - Nicht kommerziell - Keine Bearbeitungen 4.0 International (CC BY-NC-ND 4.0)</marc:subfield>
          </marc:datafield>
        </marc:record>
      </metadata>
    </record>
  </GetRecord>
</OAI-PMH>
